Pindari Carmina cum fragmentis / (Record no. 186377)

MARC details
000 -LEADER
campo de control de longitud fija 01053nam a2200301 i 4500
001 - NÚMERO DE CONTROL
campo de control 186377
003 - IDENTIFICADOR DE NÚMERO DE CONTROL
campo de control ES-MaACL
005 - FECHA Y HORA DE LA ÚLTIMA TRANSACCIÓN
campo de control 20230906222646.0
008 - DATOS DE LONGITUD FIJA--INFORMACIÓN GENERAL
campo de control de longitud fija 161102s1980 xxk |||| | grc d
020 ## - NÚMERO INTERNACIONAL ESTÁNDAR DEL LIBRO
Número Internacional Estándar del Libro 0-19-814539-X
080 ## - NÚMERO DE LA CLASIFICACIÓN DECIMAL UNIVERSAL
Número de la Clasificación Decimal Universal 875-142"-04"
100 0# - ENTRADA PRINCIPAL--NOMBRE DE PERSONA
Nombre de persona Píndaro.
9 (RLIN) 92088
245 10 - MENCIÓN DEL TÍTULO
Título Pindari Carmina cum fragmentis /
Mención de responsabilidad, etc. recognovit brevique adnotatione critica instruxit C.M. Bowra.
246 38 - FORMA VARIANTE DEL TITULO
Título propio/Titulo breve Carmina
250 ## - MENCION DE EDICION
Mención de edición Ed. altera.
260 ## - PUBLICACIÓN, DISTRIBUCIÓN, ETC.
Lugar de publicación, distribución, etc. Oxonii :
Nombre del editor, distribuidor, etc. E Typographeo Clarendoniano ;
Lugar de publicación, distribución, etc. Oxford :
Nombre del editor, distribuidor, etc. Oxford University Press,
Fecha de publicación, distribución, etc. 1980.
300 ## - DESCRIPCIÓN FÍSICA
Extensión XII, 291 p. ;
Dimensiones 19 cm.
490 1# - MENCIÓN DE SERIE
Mención de serie Scriptorum classicorum bibliotheca Oxoniensis
490 1# - MENCIÓN DE SERIE
Mención de serie Oxford classical texts
500 ## - NOTA GENERAL
Nota general Índice.
546 ## - NOTA DE IDIOMA
Nota de lengua/lenguaje Texto griego; introducción y notas en latín.
595 ## -
-- 2nd, repr.
700 1# - ENTRADA AGREGADA--NOMBRE PERSONAL
Nombre de persona Bowra, C. M.
9 (RLIN) 31155
830 0# - PUNTO DE ACCESO ADICIONAL DE SERIE-TÍTULO UNIFORME
Título uniforme Scriptorum classicorum bibliotheca Oxoniensis
9 (RLIN) 185200
830 0# - PUNTO DE ACCESO ADICIONAL DE SERIE-TÍTULO UNIFORME
Título uniforme Oxford classical texts
9 (RLIN) 192539
852 ## - LOCALIZACIÓN
Ubicación ES-MaACL
Número de control de estantería L-30746
Nota libre - enc. cart.
-- . - Donat. Miguel A. Velasco
Holdings
Estatus retirado Estado de pérdida Estado de daño No para préstamo Biblioteca de origen Biblioteca actual Ubicación en estantería Fecha de adquisición Fuente de adquisición Total de préstamos Signatura topográfica completa Código de barras Visto por última vez Precio de reemplazo Tipo de ítem Koha
        Biblioteca del Ateneo de Madrid Biblioteca del Ateneo de Madrid Depósito 2 02/11/2016     L-30746 1196534 23/02/2023 23/02/2023 Libro impreso